Normal view
MARC view
- اعداد خليفة، محمود عبد العزيز محمود
Entry Personal Name
001 - CONTROL NUMBER
- control field: 44323
003 - CONTROL NUMBER IDENTIFIER
- control field: JO-AjAnu
005 - DATE AND TIME OF LATEST TRANSACTION
- control field: 20230606081335.0
008 - FIXED-LENGTH DATA ELEMENTS
- fixed length control field: 230606|| aca||aabn | a|a d
040 ## - CATALOGING SOURCE
- Original cataloging agency: JO-AjAnu
- Transcribing agency: JO-AjAnu
100 ## - HEADING--PERSONAL NAME
- Personal name: اعداد خليفة، محمود عبد العزيز محمود
670 ## - SOURCE DATA FOUND
- Source citation: Work cat.: (JO-AjAnu)22696: اعداد خليفة، محمود عبد العزيز محمود, author, فقه الأحوال الشخصية في الشريعة الإسلامية: دراسة مقارنة مع القانون الفرنسي والقانون الإنجليزي(الزواج-الطلاق-رعايةالأطفال-الميراث)